| 000 | 00494nam a2200205Ia 4500 | ||
|---|---|---|---|
| 008 | 210417s9999 xx 000 0 und d | ||
| 020 | _a9780815387343 | ||
| 020 | _b815387342 | ||
| 082 | _a658.4 SWI | ||
| 082 | _b22.658.4 SWI | ||
| 245 | 4 | _aThe management of power | |
| 245 | 0 | _cmanagement of power | |
| 250 | _a23 ed. | ||
| 250 | _b"ix, 178p.27cm, hbk." | ||
| 260 | _aLondon | ||
| 260 | _bRoutledge | ||
| 260 | _c2018 | ||
| 700 | _a"Swingle, Paul G" | ||
| 700 | _bPaul G. Swingle | ||
| 999 |
_c487044 _d487044 |
||